<?xml version="1.0" encoding="UTF-8"?>
<record
    xmlns:xsi="http://www.w3.org/2001/XMLSchema-instance"
    xsi:schemaLocation="http://www.loc.gov/MARC21/slim http://www.loc.gov/standards/marcxml/schema/MARC21slim.xsd"
    xmlns="http://www.loc.gov/MARC21/slim">

  <leader>01118nam a2200313 i 4500</leader>
  <controlfield tag="001">82191</controlfield>
  <controlfield tag="003">ES-MaACL</controlfield>
  <controlfield tag="005">20250818173158.0</controlfield>
  <controlfield tag="007">t|</controlfield>
  <controlfield tag="008">041129s1996    sp           ||||1| spa d</controlfield>
  <datafield tag="020" ind1=" " ind2=" ">
    <subfield code="a">84-8191-094-5</subfield>
  </datafield>
  <datafield tag="080" ind1=" " ind2=" ">
    <subfield code="a">929 Salinas, Pedro</subfield>
  </datafield>
  <datafield tag="080" ind1=" " ind2=" ">
    <subfield code="a">929 Diego, Gerardo</subfield>
  </datafield>
  <datafield tag="080" ind1=" " ind2=" ">
    <subfield code="a">929 Guill&#xE9;n, Jorge</subfield>
  </datafield>
  <datafield tag="100" ind1="1" ind2=" ">
    <subfield code="a">Salinas, Pedro,</subfield>
    <subfield code="d">1891-1951</subfield>
    <subfield code="9">101942</subfield>
  </datafield>
  <datafield tag="245" ind1="1" ind2="0">
    <subfield code="a">Correspondencia (1920-1983) / </subfield>
    <subfield code="c">Pedro Salinas, Gerardo Diego, Jorge Guill&#xE9;n ; edici&#xF3;n, introducci&#xF3;n y notas: Jos&#xE9; Luis Bernal Salgado.</subfield>
  </datafield>
  <datafield tag="260" ind1=" " ind2=" ">
    <subfield code="a">Valencia : </subfield>
    <subfield code="b">Pre-Textos, </subfield>
    <subfield code="c">[1996]</subfield>
  </datafield>
  <datafield tag="300" ind1=" " ind2=" ">
    <subfield code="a">397 p. ; </subfield>
    <subfield code="c">19 cm.</subfield>
  </datafield>
  <datafield tag="600" ind1="1" ind2="4">
    <subfield code="a">Salinas, Pedro,</subfield>
    <subfield code="d">1891-1951-</subfield>
    <subfield code="v">Correspondencia</subfield>
    <subfield code="9">101944</subfield>
  </datafield>
  <datafield tag="600" ind1="1" ind2="4">
    <subfield code="a">Diego, Gerardo,</subfield>
    <subfield code="d">1896-1987-</subfield>
    <subfield code="v">Correspondencia</subfield>
    <subfield code="9">44546</subfield>
  </datafield>
  <datafield tag="600" ind1="1" ind2="4">
    <subfield code="a">Guill&#xE9;n, Jorge,</subfield>
    <subfield code="d">1893-1984-</subfield>
    <subfield code="v">Correspondencia</subfield>
    <subfield code="9">60767</subfield>
  </datafield>
  <datafield tag="655" ind1=" " ind2="0">
    <subfield code="9">235124</subfield>
    <subfield code="a">Cartas</subfield>
  </datafield>
  <datafield tag="700" ind1="1" ind2=" ">
    <subfield code="a">Diego, Gerardo,</subfield>
    <subfield code="d">1896-1987</subfield>
    <subfield code="9">44545</subfield>
  </datafield>
  <datafield tag="700" ind1="1" ind2=" ">
    <subfield code="a">Guill&#xE9;n, Jorge,</subfield>
    <subfield code="d">1893-1984</subfield>
    <subfield code="9">60765</subfield>
  </datafield>
  <datafield tag="700" ind1="1" ind2=" ">
    <subfield code="a">Bernal, Jos&#xE9; Luis, </subfield>
    <subfield code="d">1959-</subfield>
    <subfield code="9">149323</subfield>
  </datafield>
  <datafield tag="852" ind1=" " ind2=" ">
    <subfield code="a">ES-MaACL</subfield>
    <subfield code="j">L-28543 </subfield>
    <subfield code="b">R.134298</subfield>
  </datafield>
  <datafield tag="942" ind1=" " ind2=" ">
    <subfield code="2">udc</subfield>
  </datafield>
  <datafield tag="999" ind1=" " ind2=" ">
    <subfield code="c">82191</subfield>
    <subfield code="d">82191</subfield>
  </datafield>
  <datafield tag="952" ind1=" " ind2=" ">
    <subfield code="0">0</subfield>
    <subfield code="1">0</subfield>
    <subfield code="4">0</subfield>
    <subfield code="7">0</subfield>
    <subfield code="a">ATENEOM</subfield>
    <subfield code="b">ATENEOM</subfield>
    <subfield code="c">DEPO2</subfield>
    <subfield code="d">2008-01-17</subfield>
    <subfield code="e">SC</subfield>
    <subfield code="l">0</subfield>
    <subfield code="o">L-28543</subfield>
    <subfield code="p">1085903</subfield>
    <subfield code="r">2023-02-23 00:00:00</subfield>
    <subfield code="w">2023-02-23</subfield>
    <subfield code="y">MONOGRAFIA</subfield>
  </datafield>
</record>
